• 首页
  • 本馆介绍
  • 公告通知
  • 最新文献
  • 馆藏检索
  • 电子资源
  • 读者导购
  • 参考咨询
  • 我的图书馆
  • 登录
  • 详细信息显示
  • 放入我的书架
  • 预约/预借图书
  • 作者相关作品
  • 分类相关作品
  • 丛书相关作品
  • 出版社相关作品

书目信息

  • 表格格式
  • 工作单格式
  • 卡片格式
题名:
基于信息共享的航空物流服务供应链优化研究
    
 
作者: 朱英 著
分册:  
出版信息: 北京   中国水利水电出版社  2019
页数: 178页
开本: 24cm
丛书名:
单 册:
中图分类: F560.84
科图分类:
主题词: 航空运输--hang kong yun shu--货物运输--物流--供应链管理--研究
电子资源:
ISBN: 978-7-5170-6512-8
000 01027nam0 2200253 450
001 2157973939
005 20211011172911.0
010    @a978-7-5170-6512-8@dCNY48.00
100    @a20181219d2019 em y0chiy50 ea
101 0  @achi
102    @aCN@b110000
105    @aak a 000yy
106    @ar
200 1  @a基于信息共享的航空物流服务供应链优化研究@Aji yu xin xi gong xiang de hang kong wu liu fu wu gong ying lian you hua yan jiu@f朱英著
210    @a北京@c中国水利水电出版社@d2019
215    @a178页@c图@d24cm
320    @a有书目 (第171-178页)
330    @a本书以航空港航空物流为研究对象,通过分析航空港发展现状,存在物流航空物流服务供应链信息共享率低,信息孤岛对接率低,多式联运效率低,运输体系碳排放量高等问题,提出航空港航空物流服务供应链优化方案。
333    @a物流管理研究者、航空运输领域从业者及相关读者。
606 0  @a航空运输@Ahang kong yun shu@x货物运输@x物流@x供应链管理@x研究
690    @aF560.84@v5
701  0 @a朱英@Azhu ying@4著
801  0 @aCN@b百万庄@c20211006
905    @b1305704-06@dF560.84@e15@f3
    
    基于信息共享的航空物流服务供应链优化研究/朱英著.-北京:中国水利水电出版社,2019
    178页:图;24cm
    使用对象:物流管理研究者、航空运输领域从业者及相关读者。
    
    ISBN 978-7-5170-6512-8:CNY48.00
    本书以航空港航空物流为研究对象,通过分析航空港发展现状,存在物流航空物流服务供应链信息共享率低,信息孤岛对接率低,多式联运效率低,运输体系碳排放量高等问题,提出航空港航空物流服务供应链优化方案。
●
相关链接 在E读中查询图书 在五车中查询图书 在当当中查询图书 在豆瓣中查询图书


正题名:基于信息共享的航空物流服务供应链优化研究     索取号:F560.84/15         预约/预借

序号 登录号 条形码 馆藏地/架位号 状态 备注
1 1305704   213057047   第一样本阅览室/ [索取号:F560.84/15] 在馆    
2 1305705   213057056   第一借阅区/ [索取号:F560.84/15] 在馆    
3 1305706   213057065   第一借阅区/ [索取号:F560.84/15] 在馆    
唐山师范学院图书馆 欢迎您!
大连网信软件有限公司© 版权所有